000 00461nam a2200169 a 4500
005 20140412111339.0
008 040616s19uu xx 00 eng d
020 _a0-590-48466-4
050 _aTR(PS E
_bFe31 1993
100 _aFalwell, Cathryn
245 _aFeast for 10 /
_cCathryn Falwell.
260 _aNew York :
_bScholastic Inc,
_c1993.
300 _a1 v. (unp.) ; ill.
650 _aCounting--Fiction
650 _aChildren stories
999 _c105087
_d105087